| 000 -LEADER |
| fixed length control field |
01145cam a2200325 a 4500 |
| 001 - CONTROL NUMBER |
| control field |
16251155 |
| 005 - DATE AND TIME OF LATEST TRANSACTION |
| control field |
20171215044118.0 |
| 008 - FIXED-LENGTH DATA ELEMENTS--GENERAL INFORMATION |
| fixed length control field |
100525s2011 maua 001 0 eng c |
| 010 ## - LIBRARY OF CONGRESS CONTROL NUMBER |
| LC control number |
2010929505 |
| 020 ## - INTERNATIONAL STANDARD BOOK NUMBER |
| International Standard Book Number |
9781439078389 (softcover) |
| 020 ## - INTERNATIONAL STANDARD BOOK NUMBER |
| International Standard Book Number |
1439078386 (softcover) |
| 020 ## - INTERNATIONAL STANDARD BOOK NUMBER |
| International Standard Book Number |
9781439078402 (softcover spiral) |
| 020 ## - INTERNATIONAL STANDARD BOOK NUMBER |
| International Standard Book Number |
1439078408 (softcover spiral) |
| 020 ## - INTERNATIONAL STANDARD BOOK NUMBER |
| International Standard Book Number |
9781439078419 (hardcover spiral) |
| 020 ## - INTERNATIONAL STANDARD BOOK NUMBER |
| International Standard Book Number |
1439078416 (hardcover spiral) |
| 035 ## - SYSTEM CONTROL NUMBER |
| System control number |
(OCoLC)ocn502032710 |
| 040 ## - CATALOGING SOURCE |
| Original cataloging agency |
BTCTA |
| Language of cataloging |
eng |
| Transcribing agency |
BTCTA |
| Modifying agency |
UPM |
| -- |
YDXCP |
| -- |
SGB |
| -- |
DLC |
| 041 ## - LANGUAGE CODE |
| Language code of text/sound track or separate title |
eng |
| 042 ## - AUTHENTICATION CODE |
| Authentication code |
pcc |
| 080 ## - UNIVERSAL DECIMAL CLASSIFICATION NUMBER |
| Universal Decimal Classification number |
004 SHEL |
| 082 ## - DEWEY DECIMAL CLASSIFICATION NUMBER |
| Classification number |
004 SHEL |
| 100 1# - Rafti |
| Rafti |
30 |
| 101 ## - Shkurtesa |
| Shkurtesa |
SHK |
| 245 10 - TITLE STATEMENT |
| Title |
Microsoft Office 2010 : |
| Statement of responsibility, etc |
Gary B. Shelly, Misty E. Vermaat ; contributing authors, Raymond E. Enger ... [et al.]. |
| 800 1# - SERIES ADDED ENTRY--PERSONAL NAME |
| Personal name |
Shelly, Gary B. |
| Title of a work |
Shelly Cashman series. |
| 906 ## - LOCAL DATA ELEMENT F, LDF (RLIN) |
| a |
7 |
| b |
cbc |
| c |
pccadap |
| d |
3 |
| e |
ncip |
| f |
20 |
| g |
y-gencatlg |
| 942 ## - ADDED ENTRY ELEMENTS (KOHA) |
| Source of classification or shelving scheme |
|
| Item type |
Books |